Every Asian Capital: only every Vowel is the name of the country itself. - Statistics

General Stats
  • This quiz has been taken 7 times
  • The average score is 26 of 48
Answer Stats
Hint Answer % Correct
China BChinaChinaJChinaNG
83%
Iraq BIraqGHDIRaqD
83%
India DIndiaLHIndia
83%
Indonesia JIndonesiaKIndonesiaRTIndonesia
83%
Israel JIsraelRIsraelSIsraelLIsraelM
83%
Afghanistan KAfghanistanBAfghanistanL
83%
North Korea PYNorthKoreaNGYNorthKoreaNG
83%
Iran TIranHRIranN
83%
Japan TJapanKYJapan
83%
Thailand BThailandNGKThailandK
67%
Syria DSyriaMSyriaSCSyriaS
67%
Jordan JordanMMJordanN
67%
Kuwait KKuwaitWKuwaitKuwaitT CKuwaitTY
67%
Malaysia KMalaysiaMalaysiaLMalaysia LMalaysiaMPMalaysiaR
67%
Russia MRussiaSCRussiaW
67%
Saudi Arabia RSaudiArabiaYSaudiArabiaDH
67%
Singapore SSIngaporeNGSingaporePSingaporeRSingapore
67%
South Korea SSouthKoreaSouthKoreaSouthKoreaL
67%
Taiwan TTaiwanTaiwanPTaiwanTaiwan
67%
Turkey TurkeyNKTurkeyRTurkey
67%
Azerbaijan BAzerbaijanKAzerbaijan
50%
Brunei BBruneiNDBruneiR SBruneiRBrunei BBruneiGBruneiWBruneiN
50%
Lebanon BLebanonLebanonRLebanonT
50%
Bangladesh DHBangladeshKBangladesh
50%
Qatar DQatarHQatar
50%
Vietnam HVietnamNVietnamVietnam
50%
Kazakhstan KazakhstanSTKazakhstanNKazakhstan
50%
Nepal KNepalTHMNepalNDNepal
50%
Maldives MMaldivesLMaldives
50%
Philippines MPhilippinesNPhilippinesLPhilippines
50%
Cyprus NCyprusCCyprusSCyprusCyprus
50%
Pakistan PakistanSLPakistanMPakistanBPakistanD
50%
Georgia TBGeorgiaLGeorgiaSGeorgia
50%
United Arab Emirates (UAE) UAEBUAE DHUAEBUAE
50%
Kyrgyzstan BKyrgyzstanSHKKyrgyzstanK
33%
Sri Lanka (Shorter Capital) CSriLankaLSriLankaMBSriLanka
33%
Timor-Leste (East Timor) DEastTimorLEastTimor
33%
Bahrain MBahrainNBahrainMBahrain
33%
Oman MOmanSCOmanT
33%
Cambodia PHNCambodiaM PCambodiaNH
33%
Yemen SYemenNYemen'Yemen
33%
Bhutan ThBhutanMPHBhutan
33%
Turkmenistan TurkmenistanSHGTurkmenistanBTurkmenistanT
33%
Laos VLaosLaosNTLaosLaosNLaos
33%
Armenia YArmeniaRArmeniaVArmeniaN
33%
Tajikistan DTajikistanSHTajikistanNBTajikistan
17%
Mongolia MongoliaLMongoliaMongoliaN BMongoliaTMongoliaMongoliaR
17%
Uzbekistan TUzbekistanSHKUzbekistanNT
17%
No matching quizzes found
Score Distribution
Percent of People with Each Score
Percentile by Number Answered
Your Score History
You have not taken this quiz